[Event "Southend Easter op 64th"]
[Site "Southend-on-Sea"]
[Date "2022.04.18"]
[Round "7.21"]
[White "Brown, Geoffrey M"]
[Black "Rebonato Scott, Sebastiano"]
[Result "0-1"]
[WhiteElo "1906"]
[BlackElo "1518"]
[PlyCount "118"]
[EventDate "2022.04.15"]
[EventType "swiss"]
[EventRounds "7"]
[EventCountry "ENG"]

1. Nf3 d5 2. e3 Nf6 3. b3 Bg4 4. Bb2 e6 5. h3 Bh5 6. g4 Bg6 7. d3 c5 8. Ne5
Nbd7 9. Nxg6 hxg6 10. Bg2 Bd6 11. Nd2 Qe7 12. Qe2 O-O-O 13. O-O-O Be5 14. d4
cxd4 15. exd4 Bd6 16. Rhe1 Kb8 17. Kb1 Rc8 18. Rc1 Nb6 19. Qf3 Ba3 20. c3 Rc7
21. Rc2 Rhc8 22. Qe3 Ne8 23. Bf1 Bxb2 24. Kxb2 Nd6 25. Rec1 Qf6 26. Qe5 Ne8 27.
Qxf6 Nxf6 28. c4 Nbd7 29. c5 e5 30. b4 Ne8 31. dxe5 Nxe5 32. Nb3 f5 33. Rd1 Rd7
34. gxf5 gxf5 35. Nd4 g6 36. Kb3 Nf6 37. f4 Nc6 38. Nf3 Re8 39. b5 Re3+ 40. Rd3
Rxf3 41. bxc6 Rxd3+ 42. Bxd3 bxc6 43. Rg2 Ne4 44. Rxg6 Nxc5+ 45. Kc3 Nxd3 46.
Kxd3 Kc7 47. h4 Rh7 48. Rf6 Rxh4 49. Rxf5 Kd6 50. Rf6+ Kc5 51. f5 Rh3+ 52. Kc2
Rh2+ 53. Kb3 Rf2 54. a3 a6 55. Rf8 Rf3+ 56. Kb2 Kc4 57. f6 Rf2+ 58. Kb1 c5 59.
f7 d4 0-1

[Event "Southend Easter op 64th"]
[Site "Southend-on-Sea"]
[Date "2022.04.18"]
[Round "7.22"]
[White "Verma, Shlok"]
[Black "Vaidya, Raghav"]
[Result "1-0"]
[WhiteElo "1831"]
[BlackElo "1561"]
[PlyCount "79"]
[EventDate "2022.04.15"]
[EventType "swiss"]
[EventRounds "7"]
[EventCountry "ENG"]

1. d4 Nf6 2. c4 e6 3. Nf3 b6 4. g3 Bb7 5. Bg2 Be7 6. O-O O-O 7. Nc3 d5 8. cxd5
exd5 9. Bf4 a6 10. Qc2 Nc6 11. Rfd1 Nb4 12. Qc1 a5 13. Ne5 c6 14. Na4 b5 15.
Nc5 Bxc5 16. Qxc5 Nd7 17. Qd6 Nxe5 18. Qxd8 Rfxd8 19. Bxe5 f6 20. Bc7 Rd7 21.
Bb6 a4 22. Bh3 Re7 23. Bc5 Rxe2 24. Bxb4 Rxb2 25. a3 Bc8 26. Bxc8 Rxc8 27. Re1
Rc7 28. Rac1 Kf7 29. Re3 c5 30. Rxc5 Rxc5 31. dxc5 Rb3 32. c6 Rxe3 33. fxe3 Ke6
34. Kf2 f5 35. Ke2 g5 36. Kd3 h5 37. Kd4 h4 38. c7 Kd7 39. Kxd5 Kxc7 40. Ke5
1-0

[Event "Southend Easter op 64th"]
[Site "Southend-on-Sea"]
[Date "2022.04.18"]
[Round "7.24"]
[White "Catabay, Mae Katelyn Rose"]
[Black "Barton, Tom A"]
[Result "0-1"]
[WhiteElo "1265"]
[BlackElo "1779"]
[PlyCount "48"]
[EventDate "2022.04.15"]
[EventType "swiss"]
[EventRounds "7"]
[EventCountry "ENG"]

1. e4 c5 2. Nf3 d6 3. d4 cxd4 4. Nxd4 Nf6 5. Nc3 a6 6. f3 g6 7. Be3 Bg7 8. Be2
O-O 9. Qd2 Nc6 10. O-O Bd7 11. Rad1 b5 12. Nb3 Rc8 13. a4 Nb4 14. axb5 axb5 15.
Bxb5 Nxc2 16. Bxd7 Nxe3 17. Bxc8 Nxf1 18. Rxf1 Qxc8 19. Rc1 Qb7 20. Nd4 Nd7 21.
Nd5 Nc5 22. b4 Bxd4+ 23. Qxd4 Nb3 24. Rc7 Qxc7 0-1

[Event "Southend Easter op 64th"]
[Site "Southend-on-Sea"]
[Date "2022.04.18"]
[Round "7.25"]
[White "Ghose, Rahul"]
[Black "Sedykh, Stakhey"]
[Result "1-0"]
[WhiteElo "1840"]
[BlackElo "1604"]
[PlyCount "107"]
[EventDate "2022.04.15"]
[EventType "swiss"]
[EventRounds "7"]
[EventCountry "ENG"]

1. e4 e5 2. Nf3 Nc6 3. Bb5 a6 4. Ba4 Nf6 5. O-O b5 6. Bb3 d6 7. Re1 Na5 8. h3
c5 9. c3 Be7 10. Bc2 O-O 11. d3 Qc7 12. Be3 Re8 13. Bg5 h6 14. Bh4 Nc6 15. Nbd2
Nd8 16. g4 Ne6 17. Bg3 Bb7 18. Rc1 Rac8 19. Kh2 Qb6 20. Nf1 Bc6 21. Ne3 g6 22.
h4 Nf4 23. Rg1 Bd7 24. Nd2 Be6 25. Qf3 g5 26. Nf5 Bxf5 27. gxf5 N6h5 28. hxg5
Bxg5 29. Bh4 Qd8 30. Nf1 Kf8 31. Bxg5 hxg5 32. Ng3 Nf6 33. Ne2 g4 34. Qe3 g3+
35. Rxg3 N6h5 36. Rg4 Nxe2 37. Qxe2 Nf4 38. Qf3 Ke7 39. Rh1 b4 40. Kg1 bxc3 41.
bxc3 Qa5 42. Bb3 Qxc3 43. Rh7 Qe1+ 44. Kh2 Rh8 45. f6+ Kd7 46. Rgg7 Rcg8 47.
Rxf7+ Kc6 48. Rc7+ Kb6 49. Bxg8 Rxg8 50. Rcg7 Rf8 51. Rg1 Qc3 52. f7 Nxd3 53.
Rb1+ Kc7 54. Rb3 1-0

[Event "Southend Easter op 64th"]
[Site "Southend-on-Sea"]
[Date "2022.04.18"]
[Round "7.27"]
[White "Lim, Mark"]
[Black "Chan, Ngo Yu"]
[Result "1-0"]
[WhiteElo "1796"]
[BlackElo "1525"]
[PlyCount "115"]
[EventDate "2022.04.15"]
[EventType "swiss"]
[EventRounds "7"]
[EventCountry "ENG"]

1. d4 d5 2. c4 e6 3. Nc3 Nf6 4. cxd5 exd5 5. Bg5 Be7 6. Qc2 h6 7. Bh4 O-O 8. e3
c6 9. Bd3 Na6 10. a3 Nc7 11. Nf3 Ne6 12. O-O Re8 13. b4 a6 14. Rfc1 Bd7 15. Na4
Rc8 16. Ne5 Qc7 17. Bxf6 Bxf6 18. Nxd7 Qxd7 19. Nb6 Qd6 20. Nxc8 Rxc8 21. Bf5
Be7 22. Rab1 b6 23. a4 b5 24. axb5 axb5 25. Bd3 Qb8 26. Bf5 Qd6 27. Qe2 g6 28.
Bd3 Nc7 29. Ra1 Rb8 30. h3 Qd7 31. Qd2 Na8 32. Ra6 Nb6 33. e4 Kg7 34. Qf4 Qb7
35. Ra2 Bg5 36. Qe5+ f6 37. Qe6 Bxc1 38. e5 Rf8 39. Rc2 Ba3 40. Rxc6 Nd7 41.
Qg4 g5 42. Qf5 Kf7 43. Qe6+ Kg7 44. Rd6 Rf7 45. Qf5 Nf8 46. exf6+ Kg8 47. Rd8
Bxb4 48. Qg6+ Kh8 49. Qxh6+ Kg8 50. Qxg5+ Kh8 51. Qh6+ Kg8 52. Qg6+ Kh8 53.
Qh5+ Kg8 54. Rxd5 Bd2 55. Qg4+ Kh8 56. Rxb5 Qc7 57. Rc5 Qa7 58. Bc4 1-0

[Event "Southend Easter op 64th"]
[Site "Southend-on-Sea"]
[Date "2022.04.18"]
[Round "7.28"]
[White "Steiners, Emils"]
[Black "Freeman, Ashley"]
[Result "0-1"]
[WhiteElo "1731"]
[BlackElo "1988"]
[PlyCount "98"]
[EventDate "2022.04.15"]
[EventType "swiss"]
[EventRounds "7"]
[EventCountry "ENG"]

1. e4 e5 2. Nf3 Nc6 3. d4 exd4 4. c3 d5 5. exd5 Qxd5 6. cxd4 Bg4 7. Be2 Bb4+ 8.
Nc3 Bxf3 9. Bxf3 Qc4 10. Qb3 Qxb3 11. axb3 Nge7 12. O-O a5 13. Rd1 O-O-O 14.
Be3 Kb8 15. Nb5 Nd5 16. Bxd5 Rxd5 17. Nc3 Rd7 18. Rd2 Rhd8 19. Rad1 Ne7 20. Rd3
Nd5 21. Nxd5 Rxd5 22. Kf1 Be7 23. Ke2 Bf6 24. h3 Ka7 25. Rc3 c6 26. Rcd3 Ka6
27. R1d2 Kb5 28. Rd1 c5 29. dxc5 Rxd3 30. Rxd3 Rxd3 31. Kxd3 Bxb2 32. g4 Ba3
33. Bd4 g6 34. f3 Bxc5 35. Bc3 Bb4 36. Bb2 Kc5 37. Bd4+ Kd5 38. Bb6 Kc6 39. Bd4
b5 40. Bb2 Kd5 41. Ba1 Bd6 42. Bb2 a4 43. bxa4 bxa4 44. Kc2 a3 45. Bc3 Be5 46.
Bxe5 Kxe5 47. Kb3 Kf4 48. Kxa3 Kxf3 49. Kb4 Kg3 0-1

[Event "Southend Easter op 64th"]
[Site "Southend-on-Sea"]
[Date "2022.04.18"]
[Round "7.30"]
[White "Ball, Charlie"]
[Black "Valentine, Tim"]
[Result "0-1"]
[WhiteElo "1272"]
[BlackElo "1591"]
[PlyCount "96"]
[EventDate "2022.04.15"]
[EventType "swiss"]
[EventRounds "7"]
[EventCountry "ENG"]

1. e4 c5 2. d4 cxd4 3. c3 Nf6 4. e5 Nd5 5. Nf3 Nc6 6. cxd4 d6 7. Bc4 dxe5 8.
dxe5 Nb6 9. Qxd8+ Nxd8 10. Bb5+ Bd7 11. Bxd7+ Nxd7 12. Be3 g6 13. O-O Bg7 14.
Bf4 Ne6 15. Bg3 O-O 16. Rd1 Rac8 17. Nc3 Nb6 18. Nd5 Nxd5 19. Rxd5 Rfd8 20.
Rxd8+ Rxd8 21. Bh4 Kf8 22. Rc1 Nf4 23. Kf1 Ne6 24. a3 Bh6 25. Rc3 Rd1+ 26. Ke2
Rc1 27. Bg5 Bxg5 28. Nxg5 Nf4+ 29. Kf3 Rxc3+ 30. bxc3 Nd3 31. e6 f6 32. Ne4 f5
33. Ng5 h6 34. Nf7 Kg7 35. Nd8 Nc5 36. Kf4 Kf6 37. Ke3 b6 38. Nc6 a6 39. Nd4
Nxe6 40. Nxe6 Kxe6 41. Kd4 Kd6 42. f4 g5 43. g3 g4 44. c4 h5 45. a4 e6 46. c5+
bxc5+ 47. Kc4 Kc6 48. a5 Kd6 0-1

[Event "Southend Easter op 64th"]
[Site "Southend-on-Sea"]
[Date "2022.04.18"]
[Round "7.31"]
[White "Pereslavtsev, Alexandr"]
[Black "Ball, Katie C"]
[Result "1-0"]
[WhiteElo "1675"]
[BlackElo "1307"]
[PlyCount "113"]
[EventDate "2022.04.15"]
[EventType "swiss"]
[EventRounds "7"]
[EventCountry "ENG"]

1. d4 Nf6 2. c4 e5 3. dxe5 Ng4 4. Nf3 Bb4+ 5. Bd2 Qe7 6. e3 Nc6 7. a3 Bxd2+ 8.
Qxd2 Ngxe5 9. Nxe5 Nxe5 10. Nc3 d6 11. Be2 Be6 12. b3 O-O 13. O-O Qh4 14. Qd4
Qh6 15. Rad1 Qg6 16. Qh4 Qc2 17. Rc1 Qxb3 18. f4 Ng6 19. Qg3 Bxc4 20. f5 Bxe2
21. Nxe2 Ne5 22. f6 Ng6 23. fxg7 Kxg7 24. Nd4 Qd5 25. Nf5+ Kh8 26. h4 Qe5 27.
Qxe5+ dxe5 28. Rxc7 b5 29. h5 a5 30. Rb7 Rfb8 31. Rxb8+ Rxb8 32. hxg6 hxg6 33.
Nd6 f5 34. Nf7+ Kg7 35. Nxe5 b4 36. axb4 axb4 37. Rb1 b3 38. Nd3 Kf6 39. Nc5
Rb5 40. Nxb3 Ke5 41. Nd2 Rxb1+ 42. Nxb1 f4 43. exf4+ Kxf4 44. Nd2 Kg3 45. Nf1+
Kg4 46. Kf2 Kf4 47. Nd2 Kg4 48. Nb3 Kf4 49. Nd4 Kg4 50. Ne2 Kg5 51. Kg3 Kh5 52.
Kf4 Kh4 53. g4 g5+ 54. Kf5 Kh3 55. Kxg5 Kg2 56. Kf5 Kf3 57. g5 1-0